Chicken soup for the teenage soul : 101 stories of life, love and learning
| Main Author: | |
|---|---|
| Other Authors: | , |
| Format: | Book |
| Published: |
Florida :
Health communication ,
1997
|
| Subjects: |
MARC
| LEADER | 00000cam a2200000 7i4500 | ||
|---|---|---|---|
| 001 | 0000012074 | ||
| 005 | 20220322.0 | ||
| 020 | |a 1558744630 | ||
| 040 | |a INS | ||
| 090 | 0 | 0 | |a BJ1661 |b .C17 1997 |
| 100 | 1 | |a Canfield, Jack | |
| 245 | 1 | 0 | |a Chicken soup for the teenage soul : |b 101 stories of life, love and learning |c Jack Canfield |
| 260 | |a Florida : |b Health communication , |c 1997 | ||
| 300 | |a x, 353p. ; |c 22cm. | ||
| 650 | 0 | |a Teenagers |x Conduct of life | |
| 700 | 0 | |a Hansen, Mark Victor | |
| 700 | 0 | |a Kirberger, Kimberly | |
| 999 | |a 0000012581 |b BOOK |c Open Shelf |e Default branch | ||